Music Quiz

Random Music or Rock Quiz

Remember When Rock Was Young? Quiz Stats

 Plays Quiz Updated Sep 12, 2018

Score 0/32 Timer 06:00
0 Plays Today
% Correct
Elton John
96.1%
Ozzy Osbourne
94%
Bono
91.1%
Mick Jagger
87.8%
Steven Tyler
86.4%
Jon Bon Jovi
81.7%
Sting
73.5%
David Bowie
72.9%
Slash
72.6%
Rod Stewart
71.7%
Keith Richards
66.7%
Bob Dylan
66%
Bruce Springsteen
65.4%
Meat Loaf
61.8%
Bret Michaels
57.1%
Iggy Pop
55.5%
% Correct
Joan Jett
53.1%
David Crosby
47.6%
Annie Lennox
46.6%
Tom Petty
44%
Stevie Nicks
39.7%
Robert Plant
39.4%
Axl Rose
38.3%
Debbie Harry
35.6%
Ronnie Wood
32.4%
James Hetfield
31.9%
Johnny Rotten
30.4%
Steve Perry
29.6%
Ann Wilson
28.1%
Vince Neil
27.2%
David Lee Roth
25.7%
Richie Sambora
19.6%

You're not logged in!

Compare scores with friends on all Sporcle quizzes.
OR
Log In

You Might Also Like...

Show Comments

Extras

Top Quizzes Today


Score Distribution

Your Account Isn't Verified!

In order to create a playlist on Sporcle, you need to verify the email address you used during registration. Go to your Sporcle Settings to finish the process.

Report this User

Report this user for behavior that violates our Community Guidelines.

Details: